000 01591nam a22002417a 4500
003 URS
005 20250714152041.0
008 250714b |||||||| |||| 00| 0 eng d
020 _a978-1-4725-8856-2
040 _bEnglish
_erda
_cURS
050 0 0 _aPE1128.A2
_bT442 2015
245 1 0 _aTeaching English to young learners :
_bcritical issues in language teaching with 3-12 years old /
_cedited by Janice Bland.
264 1 _aLondon :
_bBloomsbury Publishng,
_c©2015.
300 _axiii, 294 pages :
_billustrations ;
_c23 cm.
336 _atext
_btxt
_2rdacontent
337 _aunmediated
_bn
_2rdamedia
338 _avolume
_bnc
_2rdacarrier
500 _aIncludes index.
505 0 _a1. Abnormal behavior in historical context -- 2. An integrative approach to psychopathology -- 3. Clinical assessment and diagnosis -- 4. Research methods -- 5. Anxiety, trauma- and stressor-related, and obsessive-compulsive and related disorders -- 6. Somatic symptom and related disorders and dissociative disorders -- 7. Mood disorders and suicide -- 8. Eating and sleep-wake disorders -- 9. Physical disorders and health psychology -- 10. Sexual dysfunctions, paraphilic disorders, and gender dysphoria -- 11. Substance-related, addictive, and impulsive-control disorders -- 12. Personality disorders -- 13. Schizophrenia spectrum and other psychotic disorders -- 14. Neurodevelopmental disorders -- 15. Neurocognitive disorders -- 16. Mental health services: legal and ethical issues.
650 0 _aEnglish language
_vStudy and teaching.
_9503
700 _aBland, Janice,
_eeditor.
942 _2lcc
_cFR
999 _c83553
_d83552